[Event "CAN-ch Universities"]
[Site "Toronto CAN"]
[Date "2026.01.18"]
[Round "5.4"]
[White "Chen, Max"]
[Black "Pitre, Lucas"]
[Result "1-0"]
[WhiteElo "2244"]
[BlackElo "1775"]
[WhiteFideId "-1"]
[BlackFideId "-1"]
[PlyCount "45"]
[GameId "2267752589250560"]
[EventDate "2026.01.17"]
[EventType "team-swiss"]
[EventRounds "5"]
[EventCountry "CAN"]
[WhiteTeam "University of Toronto - Team A"]
[BlackTeam "University of Ottawa - Team A"]

1. e4 d6 2. d4 Nf6 3. Nc3 e5 4. Nge2 Be7 5. h3 O-O 6. g4 Nfd7 7. Bg2 exd4 8. Nxd4 Ne5 9. Nd5 Bh4 10. O-O Bd7 11. f4 Ng6 12. f5 Ne5 13. f6 g6 14. Bh6 Re8 15. Qc1 c6 16. Bg5 cxd5 17. Bxh4 Kh8 18. Qh6 Rg8 19. Qg7+ Rxg7 20. fxg7+ Kxg7 21. Bxd8 Nbc6 22. Nxc6 bxc6 23. Bf6+ 1-0

[Event "CAN-ch Universities"]
[Site "Toronto CAN"]
[Date "2026.01.18"]
[Round "5.5"]
[White "Tanaka, Taira Tyler"]
[Black "Huang, Youhe"]
[Result "1-0"]
[WhiteElo "2246"]
[BlackElo "2079"]
[WhiteFideId "-1"]
[BlackFideId "-1"]
[PlyCount "83"]
[GameId "2267752589262848"]
[EventDate "2026.01.17"]
[EventType "team-swiss"]
[EventRounds "5"]
[EventCountry "CAN"]
[WhiteTeam "McGill University - Team A"]
[BlackTeam "University of Waterloo - Team A"]

1. Nf3 Nf6 2. g3 e6 3. Bg2 Be7 4. O-O O-O 5. c4 d5 6. b3 c6 7. Bb2 a5 8. a3 Nbd7 9. d3 b6 10. Qc2 Bb7 11. e4 h6 12. e5 Nh7 13. h4 Qb8 14. Re1 Rc8 15. Qe2 b5 16. Nbd2 a4 17. cxd5 cxd5 18. b4 Rc2 19. Rab1 Qa7 20. Rec1 Rac8 21. Qd1 R2c7 22. Rxc7 Rxc7 23. Nd4 Qb6 24. Qe2 Nhf8 25. Bh3 Nb8 26. Kh2 Bc6 27. f4 Be8 28. N2f3 Nc6 29. Nxc6 Rxc6 30. Nd4 Rc8 31. Rf1 Bd8 32. f5 Bd7 33. f6 Qb8 34. Qg4 g6 35. Qf4 g5 36. Qe3 Bb6 37. Qe2 Ng6 38. Qh5 Kf8 39. Qxh6+ Ke8 40. h5 Nf8 41. Qxg5 Qa7 42. Qf4 1-0

[Event "CAN-ch Universities"]
[Site "Toronto CAN"]
[Date "2026.01.18"]
[Round "5.6"]
[White "Huang, Patrick"]
[Black "Genzling, Jerome"]
[Result "1/2-1/2"]
[WhiteElo "2026"]
[BlackElo "2040"]
[WhiteFideId "-1"]
[BlackFideId "-1"]
[PlyCount "39"]
[GameId "2267752589275136"]
[EventDate "2026.01.17"]
[EventType "team-swiss"]
[EventRounds "5"]
[EventCountry "CAN"]
[WhiteTeam "University of Waterloo - Team A"]
[BlackTeam "McGill University - Team A"]

1. d4 d5 2. Bf4 Nf6 3. e3 e6 4. Nf3 c5 5. c3 Nc6 6. Nbd2 Be7 7. Ne5 O-O 8. Bd3 Qb6 9. Rb1 Re8 10. h4 Nxe5 11. dxe5 Nd7 12. Bxh7+ Kxh7 13. Qh5+ Kg8 14. Nf3 Nf8 15. Bh6 Ng6 16. Rh3 gxh6 17. Qxh6 Qd8 18. Rg3 Bf8 19. Qh5 Be7 20. Ng1 1/2-1/2

[Event "CAN-ch Universities"]
[Site "Toronto CAN"]
[Date "2026.01.18"]
[Round "5.7"]
[White "Huang, Qiuyu"]
[Black "Fayzan, Momin"]
[Result "1-0"]
[WhiteElo "2045"]
[BlackElo "2119"]
[WhiteFideId "-1"]
[BlackFideId "-1"]
[PlyCount "93"]
[GameId "2267752589283328"]
[EventDate "2026.01.17"]
[EventType "team-swiss"]
[EventRounds "5"]
[EventCountry "CAN"]
[WhiteTeam "McGill University - Team A"]
[BlackTeam "University of Waterloo - Team A"]

1. e4 c5 2. Nf3 d6 3. d4 cxd4 4. Nxd4 Nf6 5. Nc3 a6 6. g3 e5 7. Nde2 Be7 8. Bg2 Qc7 9. O-O b5 10. a4 b4 11. Na2 a5 12. c3 Na6 13. Bd2 Rb8 14. cxb4 axb4 15. Qe1 Qb7 16. Nec1 b3 17. Nc3 O-O 18. Nd3 Be6 19. Qe3 Bc4 20. Rfd1 Bd8 21. Qf3 Re8 22. Bg5 h6 23. Bxf6 Bxf6 24. Nc1 Nb4 25. Bf1 Be6 26. Bb5 Red8 27. Nd5 Bxd5 28. exd5 Nc2 29. Rb1 Nd4 30. Rxd4 exd4 31. Nxb3 Qb6 32. Nd2 Rdc8 33. Nc4 Qd8 34. b3 Rc5 35. Re1 Rcxb5 36. axb5 Rxb5 37. Nxd6 Qxd6 38. Re8+ Qf8 39. Rxf8+ Kxf8 40. d6 Rb8 41. Kf1 Bd8 42. Qd5 Rb6 43. Ke2 Rb8 44. Kd3 Rb4 45. d7 Rb6 46. Qc5+ Kg8 47. Qc8 1-0

[Event "CAN-ch Universities"]
[Site "Toronto CAN"]
[Date "2026.01.18"]
[Round "5.8"]
[White "Zhu, Matthew"]
[Black "Wu, Tony (Dongze)"]
[Result "1/2-1/2"]
[WhiteElo "2001"]
[BlackElo "2018"]
[WhiteFideId "-1"]
[BlackFideId "-1"]
[PlyCount "67"]
[GameId "2267752635432960"]
[EventDate "2026.01.17"]
[EventType "team-swiss"]
[EventRounds "5"]
[EventCountry "CAN"]
[WhiteTeam "University of Waterloo - Team A"]
[BlackTeam "McGill University - Team A"]

1. e4 c5 2. Nf3 d6 3. Bb5+ Nc6 4. O-O Nf6 5. Re1 g6 6. h3 Bg7 7. c3 O-O 8. d4 cxd4 9. cxd4 Bd7 10. Nc3 a6 11. Bf1 b5 12. a3 Rc8 13. e5 Ne8 14. Bf4 dxe5 15. Nxe5 Nxe5 16. Bxe5 Nd6 17. Rc1 Bh6 18. Bxd6 exd6 19. Rc2 Bg7 20. Qd2 Be6 21. d5 Bd7 22. Ne4 Rxc2 23. Qxc2 Qb6 24. Qd2 Re8 25. Re2 Qd4 26. Qxd4 Bxd4 27. b3 f5 28. Nxd6 Rxe2 29. Bxe2 Bc5 30. Nb7 Bxa3 31. Nd8 Kf8 32. Nc6 Bc5 33. Kf1 Ke8 34. Ke1 1/2-1/2

[Event "Capricorne"]
[Site "Chambly CAN"]
[Date "2026.01.07"]
[Round "1.1"]
[White "Tse, Chun Wing"]
[Black "Boyer, Pascal"]
[Result "0-1"]
[WhiteElo "1805"]
[BlackElo "1609"]
[WhiteFideId "-1"]
[BlackFideId "-1"]
[PlyCount "128"]
[GameId "2276507570153793"]
[EventDate "2026.01.07"]
[EventType "swiss"]
[EventRounds "4"]
[EventCountry "CAN"]

1. e4 c5 2. Nf3 Nc6 3. Bc4 e6 4. O-O a6 5. d4 cxd4 6. Nxd4 Nf6 7. Nxc6 bxc6 8. Re1 Be7 9. b3 d5 10. exd5 cxd5 11. Bd3 O-O 12. Bb2 Re8 13. Nd2 Bd7 14. Rc1 Bb4 15. a3 Ba5 16. b4 Bb6 17. c4 Bc7 18. cxd5 Nxd5 19. Qg4 e5 20. Bxh7+ Kxh7 21. Qe4+ Kg8 22. Qxd5 Bb5 23. Qxd8 Raxd8 24. Nb3 Bb8 25. Red1 Rxd1+ 26. Rxd1 Ba4 27. Rd3 e4 28. Rh3 e3 29. fxe3 Bxb3 30. Bd4 Bd6 31. Rh5 Rc8 32. Rg5 Rc1+ 33. Kf2 g6 34. h4 Kh7 35. h5 Rc2+ 36. Kf3 gxh5 37. Rxh5+ Kg6 38. g4 Ra2 39. Ra5 Bc4 40. Rf5 Be7 41. Re5 Bf6 42. Rc5 Be2+ 43. Kf4 Bxd4 44. exd4 Rxa3 45. Rc6+ f6 46. d5 Bb5 47. Re6 Kf7 48. Re3 Rxe3 49. Kxe3 Ke7 50. Ke4 Be2 51. Kf5 Bf3 52. g5 fxg5 53. Kxg5 Kd6 54. Kf4 Bxd5 55. Ke3 Ke5 56. Kd3 Be6 57. Kc3 Ke4 58. Kc2 Kd4 59. Kd2 Bf5 60. Kd1 Kc3 61. Kc1 Kb3 62. Kd2 Kb2 63. Ke3 Kc3 64. Ke2 Kxb4 0-1

[Event "Capricorne"]
[Site "Chambly CAN"]
[Date "2026.01.07"]
[Round "1.2"]
[White "Kerhuel-Lefebvre, Stephane"]
[Black "Cournoyer, Raphael"]
[Result "1/2-1/2"]
[WhiteElo "1561"]
[BlackElo "1775"]
[WhiteFideId "-1"]
[BlackFideId "-1"]
[PlyCount "124"]
[GameId "2276507570178370"]
[EventDate "2026.01.07"]
[EventType "swiss"]
[EventRounds "4"]
[EventCountry "CAN"]

1. e4 c6 2. d4 d5 3. exd5 cxd5 4. Nf3 Nc6 5. Bd3 Bg4 6. c3 Nf6 7. O-O e6 8. Nbd2 Bd6 9. Re1 O-O 10. h3 Bxf3 11. Nxf3 Qc7 12. Bg5 Be7 13. Ne5 h6 14. Bh4 Na5 15. Bc2 Nh7 16. Qd3 f5 17. Bxe7 Qxe7 18. Ng6 Qf6 19. Nxf8 Nxf8 20. Qb5 b6 21. Bd3 Rc8 22. Qa6 Rc7 23. Rac1 g5 24. Bf1 g4 25. hxg4 fxg4 26. Qe2 Rg7 27. Qe5 Qf7 28. g3 h5 29. Qf4 Qe7 30. Bg2 Qd8 31. Re2 Nc4 32. Rce1 Rf7 33. Qc1 Qf6 34. b3 Nd6 35. c4 dxc4 36. bxc4 Nf5 37. d5 Nd4 38. Rd2 e5 39. c5 bxc5 40. Qxc5 Ng6 41. d6 Kg7 42. Be4 h4 43. Qa3 hxg3 44. Qxg3 Qg5 45. Rxd4 exd4 46. Bxg6 Qxg6 47. Rd1 Kf8 48. Rxd4 Qb1+ 49. Kg2 Qb7+ 50. Kf1 Qb1+ 51. Ke2 Qxa2+ 52. Rd2 Qe6+ 53. Qe3 Qd7 54. Qh6+ Kg8 55. Rb2 Qc8 56. Qg6+ Kf8 57. Rc2 Qe8+ 58. Kd1 Qa4 59. Qh6+ Kg8 60. Qg5+ Kf8 61. Qd8+ Kg7 62. Qg5+ Kf8 1/2-1/2

[Event "Capricorne"]
[Site "Chambly CAN"]
[Date "2026.01.07"]
[Round "1.3"]
[White "Weston, Paul"]
[Black "Bedard, Michel"]
[Result "1-0"]
[WhiteElo "1773"]
[BlackElo "1548"]
[WhiteFideId "-1"]
[BlackFideId "-1"]
[PlyCount "43"]
[GameId "2276507570178371"]
[EventDate "2026.01.07"]
[EventType "swiss"]
[EventRounds "4"]
[EventCountry "CAN"]

1. e4 e5 2. Nf3 Nf6 3. Nxe5 d6 4. Nf3 Nxe4 5. d4 d5 6. Bd3 Be7 7. O-O O-O 8. Re1 f5 9. c4 Be6 10. Qb3 b6 11. Nc3 c6 12. cxd5 Bxd5 13. Nxd5 cxd5 14. Rxe4 fxe4 15. Bxe4 Nd7 16. Qxd5+ Kh8 17. Qxa8 Qc7 18. Qc6 Qd8 19. Be3 Nf6 20. h3 Re8 21. Ng5 Rf8 22. Ne6 1-0

[Event "Capricorne"]
[Site "Chambly CAN"]
[Date "2026.01.07"]
[Round "1.4"]
[White "Vigneault, Leo Billy"]
[Black "Milette, Patrick"]
[Result "0-1"]
[WhiteElo "1507"]
[BlackElo "1733"]
[WhiteFideId "-1"]
[BlackFideId "-1"]
[PlyCount "58"]
[GameId "2276507570182468"]
[EventDate "2026.01.07"]
[EventType "swiss"]
[EventRounds "4"]
[EventCountry "CAN"]

1. d4 Nf6 2. c4 c5 3. d5 b5 4. Nc3 b4 5. Nb1 g6 6. Nf3 Bg7 7. Bg5 d6 8. Qc1 h6 9. Bxf6 Bxf6 10. e4 a5 11. a4 Na6 12. Nbd2 Rb8 13. Nb3 Bg7 14. Be2 O-O 15. O-O Ra8 16. Rb1 Bd7 17. Qc2 Bxa4 18. Ra1 Bxb3 19. Qxb3 Nb8 20. Ra4 Nd7 21. Rfa1 Qc7 22. Nd2 Ra7 23. R4a2 Rfa8 24. Qh3 a4 25. Rb1 b3 26. Ra3 Qb6 27. f4 Qb4 28. Nf1 Bxb2 29. Rxa4 Bd4+ 0-1

[Event "Capricorne"]
[Site "Chambly CAN"]
[Date "2026.01.07"]
[Round "1.5"]
[White "Lalonde, Henri"]
[Black "Alameddine, Karim"]
[Result "1-0"]
[WhiteElo "1673"]
[BlackElo "1413"]
[WhiteFideId "-1"]
[BlackFideId "-1"]
[PlyCount "75"]
[GameId "2276507570186565"]
[EventDate "2026.01.07"]
[EventType "swiss"]
[EventRounds "4"]
[EventCountry "CAN"]

1. e4 e5 2. f4 d6 3. Nf3 Qe7 4. Nc3 c6 5. d3 h6 6. Be2 Nf6 7. O-O g6 8. Qe1 Nbd7 9. Nh4 Bg7 10. f5 g5 11. Nf3 b6 12. h3 Bb7 13. a4 Nh5 14. Nxe5 Nf4 15. Nxd7 Kxd7 16. Bxf4 gxf4 17. Rxf4 Bf6 18. Rd1 Kc7 19. d4 Rag8 20. Qf1 Kb8 21. Ba6 Rg7 22. Bxb7 Qxb7 23. Rg4 Rxg4 24. hxg4 Rg8 25. Qf4 Qc7 26. Ne2 Qe7 27. Rd3 Kb7 28. Ng3 c5 29. c3 c4 30. Rd1 Bg5 31. Qf3 Kc8 32. e5 dxe5 33. Qa8+ Kc7 34. Qxa7+ Kd8 35. Qb8+ Kd7 36. dxe5+ Kc6 37. Rd6+ Kc5 38. Ne4# 1-0

[Event "Capricorne"]
[Site "Chambly CAN"]
[Date "2026.01.07"]
[Round "1.6"]
[White "Tse, Edwin"]
[Black "Cossette, Richard"]
[Result "0-1"]
[WhiteElo "1404"]
[BlackElo "1652"]
[WhiteFideId "-1"]
[BlackFideId "-1"]
[PlyCount "70"]
[GameId "2276507570190662"]
[EventDate "2026.01.07"]
[EventType "swiss"]
[EventRounds "4"]
[EventCountry "CAN"]

1. d4 d6 2. e4 Nf6 3. Nc3 g6 4. f4 Bg7 5. Nf3 O-O 6. Bc4 c5 7. O-O cxd4 8. Nxd4 Qb6 9. a3 e5 10. Be3 Ng4 11. Nd5 Qc5 12. Nf5 Nxe3 13. Nfxe3 exf4 14. Rxf4 Bxb2 15. Rb1 Bd4 16. Qd2 Nc6 17. Rbf1 Qxc4 18. c3 Bxe3+ 19. Nxe3 Qc5 20. h4 Be6 21. R1f3 Ne5 22. Rg3 Rac8 23. Kh1 Nc4 24. Nxc4 Bxc4 25. Rfg4 Qe5 26. Qe3 f5 27. Rf4 Rce8 28. h5 fxe4 29. Rh4 Rf1+ 30. Kh2 Qf6 31. Rxe4 Rxe4 32. Qxe4 Rf4 33. Qe8+ Kg7 34. Qd7+ Kh6 35. Rh3 Be6 0-1

[Event "Capricorne"]
[Site "Chambly CAN"]
[Date "2026.01.07"]
[Round "1.7"]
[White "Kelly, Patrick"]
[Black "Pincince, Jacques"]
[Result "0-1"]
[WhiteElo "1638"]
[BlackElo "1396"]
[WhiteFideId "-1"]
[BlackFideId "-1"]
[PlyCount "106"]
[GameId "2276507570190663"]
[EventDate "2026.01.07"]
[EventType "swiss"]
[EventRounds "4"]
[EventCountry "CAN"]

1. e4 c5 2. Nc3 d6 3. Bb5+ Bd7 4. Bxd7+ Qxd7 5. d3 e6 6. f4 a6 7. Nf3 b5 8. Qe2 Nc6 9. O-O Be7 10. f5 Nd4 11. Nxd4 cxd4 12. fxe6 Qxe6 13. Nd5 Rc8 14. Rf2 Nf6 15. Nxe7 Qxe7 16. Bg5 Rc5 17. Bxf6 gxf6 18. Raf1 f5 19. Rxf5 Rxf5 20. Rxf5 O-O 21. Qf2 Rc8 22. Qd2 Rc5 23. Qf2 Re5 24. g4 Rxf5 25. exf5 Qf6 26. Qf4 h6 27. Kg2 Kh7 28. Kg3 b4 29. h4 Qe5 30. h5 f6 31. Kf3 a5 32. Qe4 d5 33. Qe2 Kg7 34. Qd2 Qc7 35. Qe2 Qe5 36. a3 Kf7 37. Qd2 Kg7 38. axb4 axb4 39. c3 dxc3 40. bxc3 bxc3 41. Qa2 Qc7 42. Qa4 c2 43. Qe8 c1=Q 44. Qg6+ Kf8 45. Qxf6+ Qf7 46. Qh8+ Ke7 47. Qe5+ Kd7 48. Qd4 Qf1+ 49. Kg3 Qe1+ 50. Kf3 Qf1+ 51. Kg3 Kd6 52. Qc3 Qe7 53. d4 Qee1+ 0-1

[Event "Capricorne"]
[Site "Chambly CAN"]
[Date "2026.01.07"]
[Round "1.8"]
[White "Lefebvre-Langlais, Hugues"]
[Black "Longpre, Martin"]
[Result "0-1"]
[WhiteElo "1383"]
[BlackElo "1612"]
[WhiteFideId "-1"]
[BlackFideId "-1"]
[PlyCount "68"]
[GameId "2276507570194760"]
[EventDate "2026.01.07"]
[EventType "swiss"]
[EventRounds "4"]
[EventCountry "CAN"]

1. e4 c6 2. Nf3 d5 3. exd5 cxd5 4. d4 Bg4 5. Nc3 e6 6. Be2 Nf6 7. Bg5 h6 8. Bxf6 Qxf6 9. Ne5 Bxe2 10. Qxe2 a6 11. a3 Bd6 12. Ng4 Qxd4 13. Rd1 Qb6 14. b4 O-O 15. Rd3 Nc6 16. O-O Kh7 17. Rh3 Bf4 18. g3 Bg5 19. Kh1 Nd4 20. Qd1 Nf5 21. Rh5 Qc7 22. h4 Be7 23. Qd2 Rad8 24. Ne2 Rh8 25. Qd3 g6 26. Nd4 gxh5 27. Nxf5 exf5 28. Qxf5+ Kg7 29. Ne5 Bf6 30. Nf3 Qc4 31. Re1 Qg4 32. Qd3 Rhe8 33. Kg2 Rxe1 34. Nxe1 Qe4+ 0-1

[Event "Capricorne"]
[Site "Chambly CAN"]
[Date "2026.01.14"]
[Round "2.1"]
[White "Longpre, Martin"]
[Black "Weston, Paul"]
[Result "0-1"]
[WhiteElo "1612"]
[BlackElo "1773"]
[WhiteFideId "-1"]
[BlackFideId "-1"]
[PlyCount "106"]
[GameId "2276507570223445"]
[EventDate "2026.01.07"]
[EventType "swiss"]
[EventRounds "4"]
[EventCountry "CAN"]

1. e4 c5 2. d4 g6 3. dxc5 Bg7 4. c3 Qc7 5. Be3 a5 6. Bc4 Na6 7. Qd5 e6 8. Qd6 Qxd6 9. cxd6 Nf6 10. f3 O-O 11. Bd4 Ne8 12. e5 f6 13. f4 g5 14. exf6 Bxf6 15. Bxf6 Rxf6 16. fxg5 Rf7 17. Nd2 Nxd6 18. Ngf3 b5 19. Bd3 Nc5 20. Bc2 Bb7 21. O-O-O b4 22. cxb4 axb4 23. Kb1 Bd5 24. Nb3 Nde4 25. Rhf1 d6 26. Nxc5 Bxa2+ 27. Kc1 Nxc5 28. Nd2 Rxf1 29. Rxf1 Bd5 30. b3 Ra1+ 31. Kb2 Rxf1 32. Nxf1 Bxg2 33. Ne3 Bd5 34. Nxd5 exd5 35. Bf5 Kg7 36. h4 h6 37. g6 h5 38. Bc2 Ne4 39. Kc1 Kxg6 40. Kd1 Kf5 41. Ke2 Kf4 42. Kd3 Kg4 43. Kd4 Nc3 44. Ke3 Kxh4 45. Kf4 Ne4 46. Bd1 Nc5 47. Bf3 d4 48. Bd1 d3 49. Ke3 Kg5 50. Kd4 h4 51. Kd5 h3 52. Kxd6 h2 53. Bf3 Nxb3 0-1

[Event "Capricorne"]
[Site "Chambly CAN"]
[Date "2026.01.14"]
[Round "2.2"]
[White "Milette, Patrick"]
[Black "Boyer, Pascal"]
[Result "1-0"]
[WhiteElo "1733"]
[BlackElo "1609"]
[WhiteFideId "-1"]
[BlackFideId "-1"]
[PlyCount "75"]
[GameId "2276507570223446"]
[EventDate "2026.01.07"]
[EventType "swiss"]
[EventRounds "4"]
[EventCountry "CAN"]

1. Nf3 Nf6 2. c4 d6 3. g3 e5 4. Bg2 Be7 5. O-O O-O 6. d4 exd4 7. Nxd4 c6 8. Nc3 Be6 9. Nxe6 fxe6 10. e4 Nbd7 11. Bf4 e5 12. Be3 Nb6 13. Qb3 Kh8 14. a4 Ng4 15. Bd2 Rb8 16. h3 Nf6 17. Be3 Nc8 18. a5 b6 19. Rfd1 Qc7 20. a6 Nd7 21. Qc2 b5 22. cxb5 cxb5 23. Rdc1 Nf6 24. Qd2 Qd7 25. b3 Nb6 26. Qd3 b4 27. Nb5 Rfc8 28. Rxc8+ Nxc8 29. Bf1 Bd8 30. Rc1 Bb6 31. Bxb6 axb6 32. Rc7 Qd8 33. a7 Ra8 34. Qc4 Ne8 35. Rb7 Ne7 36. Qf7 Ng8 37. Bc4 Nh6 38. Qf8+ 1-0

[Event "Capricorne"]
[Site "Chambly CAN"]
[Date "2026.01.14"]
[Round "2.3"]
[White "Pincince, Jacques"]
[Black "Lalonde, Henri"]
[Result "1/2-1/2"]
[WhiteElo "1396"]
[BlackElo "1673"]
[WhiteFideId "-1"]
[BlackFideId "-1"]
[PlyCount "131"]
[GameId "2276507570227543"]
[EventDate "2026.01.07"]
[EventType "swiss"]
[EventRounds "4"]
[EventCountry "CAN"]

1. e4 c5 2. g3 Nc6 3. Nc3 e6 4. Bg2 Be7 5. f4 d6 6. Nf3 Nf6 7. d3 O-O 8. O-O a6 9. h3 Qc7 10. g4 Rd8 11. Ne2 c4 12. Ng3 cxd3 13. cxd3 g6 14. Be3 b5 15. Rc1 Bb7 16. g5 Nd7 17. Nh4 Qa5 18. f5 Nce5 19. Qb3 Qa4 20. Qd1 exf5 21. exf5 Qxh4 22. Ne4 Bxe4 23. dxe4 Qh5 24. Qd5 Rac8 25. fxg6 Qxg6 26. Rcd1 Qe6 27. Qb7 Nc5 28. Bxc5 dxc5 29. Rd5 Rxd5 30. exd5 Qd7 31. Qxa6 Bxg5 32. Qa3 Nc4 33. Qg3 Qe7 34. Kh1 Kh8 35. Qc3+ Qe5 36. Qf3 Nd2 37. Qg4 Rg8 38. Rxf7 Qe1+ 39. Bf1 Qe4+ 40. Bg2 Qxg4 41. hxg4 Nc4 42. Be4 Rd8 43. Rxh7+ Kg8 44. Rc7 Nd2 45. Bg2 Be3 46. Rc6 Rd7 47. Kh2 Nc4 48. Kg3 Nxb2 49. d6 Nd3 50. Rc8+ Kf7 51. Rc7 Rxc7 52. dxc7 Bf4+ 53. Kf3 Bxc7 54. Ke4 Ne5 55. Kd5 Nd3 56. Kc6 c4 57. Bd5+ Kf6 58. Kxb5 c3 59. Bb3 Nc1 60. Kc4 Ba5 61. Bc2 Kg5 62. Bf5 Kf4 63. Kb5 Bd8 64. a4 Ne2 65. Kb4 Ke3 66. a5 1/2-1/2

[Event "Capricorne"]
[Site "Chambly CAN"]
[Date "2026.01.14"]
[Round "2.4"]
[White "Cossette, Richard"]
[Black "Lemieux, Serge"]
[Result "1-0"]
[WhiteElo "1652"]
[BlackElo "1351"]
[WhiteFideId "-1"]
[BlackFideId "-1"]
[PlyCount "29"]
[GameId "2276507570227544"]
[EventDate "2026.01.07"]
[EventType "swiss"]
[EventRounds "4"]
[EventCountry "CAN"]

1. e4 e5 2. Nf3 Nc6 3. Bb5 Nf6 4. O-O d6 5. c3 Bd7 6. d4 Nxe4 7. Bxc6 Bxc6 8. dxe5 Be7 9. exd6 Nxd6 10. Ne5 Bb5 11. Re1 O-O 12. a4 Bc4 13. Nxc4 Nxc4 14. Qe2 Nd6 15. Qxe7 1-0

[Event "Capricorne"]
[Site "Chambly CAN"]
[Date "2026.01.14"]
[Round "2.5"]
[White "Cournoyer, Raphael"]
[Black "Despres, Alain"]
[Result "1-0"]
[WhiteElo "1775"]
[BlackElo "1487"]
[WhiteFideId "-1"]
[BlackFideId "-1"]
[PlyCount "77"]
[GameId "2276507570227545"]
[EventDate "2026.01.07"]
[EventType "swiss"]
[EventRounds "4"]
[EventCountry "CAN"]

1. d4 Nf6 2. Nf3 d5 3. c4 e6 4. g3 Bb4+ 5. Bd2 Bxd2+ 6. Nbxd2 O-O 7. Bg2 c6 8. O-O Nbd7 9. Qc2 h6 10. Rad1 Re8 11. e4 Nxe4 12. Nxe4 dxe4 13. Qxe4 Nf6 14. Qc2 Qa5 15. Rfe1 Nd7 16. b3 Qc7 17. Rd2 Nf6 18. Qd1 Bd7 19. Ne5 Rad8 20. Qe2 Bc8 21. Red1 Nd7 22. f4 Nxe5 23. Qxe5 Qxe5 24. dxe5 Rxd2 25. Rxd2 Kf8 26. c5 Ke7 27. b4 Rd8 28. Rd6 Rxd6 29. exd6+ Kf6 30. Kf2 e5 31. Ke3 exf4+ 32. gxf4 g5 33. fxg5+ hxg5 34. a4 a6 35. Kd4 Bf5 36. b5 axb5 37. axb5 Bd7 38. b6 Be6 39. Bxc6 1-0

[Event "Capricorne"]
[Site "Chambly CAN"]
[Date "2026.01.14"]
[Round "2.6"]
[White "Cousineau, Francois"]
[Black "Kerhuel-Lefebvre, Stephane"]
[Result "1-0"]
[WhiteElo "1773"]
[BlackElo "1561"]
[WhiteFideId "-1"]
[BlackFideId "-1"]
[PlyCount "39"]
[GameId "2276507570231642"]
[EventDate "2026.01.07"]
[EventType "swiss"]
[EventRounds "4"]
[EventCountry "CAN"]

1. e4 e5 2. Nf3 Nc6 3. d4 exd4 4. Nxd4 Bc5 5. Nb3 Bb6 6. Nc3 d6 7. Qe2 Be6 8. Be3 Nf6 9. O-O-O Ne5 10. f3 Bc4 11. Qe1 Qe7 12. Nd4 Ba5 13. Nf5 Qf8 14. Rd4 Bxf1 15. Rxf1 O-O-O 16. Ra4 Bxc3 17. Qxc3 a6 18. Rd1 Qe8 19. Ra3 Qc6 20. Ne7+ 1-0

[Event "Capricorne"]
[Site "Chambly CAN"]
[Date "2026.01.14"]
[Round "2.7"]
[White "Evenko, Kirill"]
[Black "Dubreuil, Raymond"]
[Result "1-0"]
[WhiteElo "1563"]
[BlackElo "1367"]
[WhiteFideId "-1"]
[BlackFideId "-1"]
[PlyCount "101"]
[GameId "2276507570231643"]
[EventDate "2026.01.07"]
[EventType "swiss"]
[EventRounds "4"]
[EventCountry "CAN"]

1. e4 c5 2. Nf3 d6 3. c3 Nf6 4. e5 dxe5 5. Nxe5 Qc7 6. d4 e6 7. Bf4 Bd6 8. Na3 a6 9. Nac4 Bxe5 10. Bxe5 Qd8 11. Nd6+ Kf8 12. dxc5 Nc6 13. Bg3 Ne8 14. Qh5 Nxd6 15. Bxd6+ Ne7 16. O-O-O Qe8 17. Qh4 f6 18. Bc4 Kg8 19. Qe4 Qf7 20. Qd3 Nc6 21. Rhe1 g6 22. h4 Kg7 23. h5 Re8 24. Re3 Ne5 25. Bxe5 fxe5 26. hxg6 hxg6 27. Rf3 Qe7 28. Rh1 Qg5+ 29. Qe3 Qxe3+ 30. Rxe3 Rf8 31. f3 Rf5 32. g4 Rf4 33. Bb3 Bd7 34. Bd1 Bc6 35. Rxe5 Re8 36. Rhe1 Kf6 37. g5+ Kf7 38. Bb3 Bd7 39. Rh1 Kg7 40. Bc2 Rxf3 41. Rh6 Rf1+ 42. Kd2 Rf2+ 43. Re2 Rxe2+ 44. Kxe2 Bb5+ 45. Ke3 Rh8 46. Rxh8 Kxh8 47. Bxg6 Kg7 48. Bd3 Bxd3 49. Kxd3 Kg6 50. Ke4 Kxg5 51. Ke5 1-0

[Event "Capricorne"]
[Site "Chambly CAN"]
[Date "2026.01.14"]
[Round "2.8"]
[White "Vigneault, Leo Billy"]
[Black "Tse, Chun Wing"]
[Result "0-1"]
[WhiteElo "1507"]
[BlackElo "1805"]
[WhiteFideId "-1"]
[BlackFideId "-1"]
[PlyCount "80"]
[GameId "2276507570235740"]
[EventDate "2026.01.07"]
[EventType "swiss"]
[EventRounds "4"]
[EventCountry "CAN"]

1. d4 Nf6 2. c4 g6 3. Nf3 Bg7 4. Nc3 O-O 5. e4 d6 6. Be2 Nbd7 7. O-O e5 8. d5 Nc5 9. Bg5 h6 10. Bxf6 Qxf6 11. h3 a5 12. a3 a4 13. Bd3 Qe7 14. Bc2 Bd7 15. Re1 Kh8 16. Nd2 f5 17. b4 axb3 18. Nxb3 Nxb3 19. Bxb3 f4 20. Qf3 g5 21. Reb1 Bf6 22. Bd1 b6 23. Qh5 Qg7 24. Nb5 Be8 25. Qf3 Bd8 26. Qb3 Qg6 27. f3 Bd7 28. Kf2 h5 29. Bc2 Rg8 30. Qc3 Rg7 31. a4 g4 32. hxg4 hxg4 33. Rh1+ Kg8 34. Rag1 Kf7 35. g3 gxf3 36. Qxf3 Bg4 37. Qg2 Qg5 38. Rh2 f3 39. Qh1 Qd2+ 40. Kf1 Qc1+ 0-1

[Event "Capricorne"]
[Site "Chambly CAN"]
[Date "2026.01.14"]
[Round "2.9"]
[White "Alameddine, Karim"]
[Black "Kelly, Patrick"]
[Result "0-1"]
[WhiteElo "1413"]
[BlackElo "1638"]
[WhiteFideId "-1"]
[BlackFideId "-1"]
[PlyCount "110"]
[GameId "2276507570235741"]
[EventDate "2026.01.07"]
[EventType "swiss"]
[EventRounds "4"]
[EventCountry "CAN"]

1. e4 e5 2. d3 Nf6 3. h3 d5 4. Qe2 Nc6 5. c3 Be7 6. g3 Be6 7. Nf3 Qd6 8. a3 Rd8 9. Nbd2 O-O 10. b4 b5 11. Bb2 dxe4 12. dxe4 a6 13. Ng5 Nd7 14. Nxe6 Qxe6 15. Bg2 Nb6 16. O-O Rd6 17. Rfd1 Rfd8 18. Nf1 Nc4 19. Rxd6 Rxd6 20. Kh2 Qd7 21. a4 Nd8 22. axb5 axb5 23. Bc1 Rd3 24. Qc2 c5 25. bxc5 Bxc5 26. f4 f6 27. Qb3 Kf8 28. fxe5 fxe5 29. Bg5 Be7 30. Bxe7+ Kxe7 31. Qb4+ Nd6 32. Qc5 Kf6 33. Ne3 Qe6 34. h4 Rd2 35. Rf1+ Kg6 36. Nd5 N8f7 37. Qa7 Qg4 38. Kg1 Qxg3 39. Ne3 Re2 40. Rf3 Rxg2+ 41. Nxg2 Qxf3 42. Qe7 Qf6 43. Qd7 Qf3 44. Qe7 Nxe4 45. h5+ Qxh5 46. Nf4+ exf4 47. Qxe4+ Qf5 48. Qc6+ Kg5 49. Kf2 Qe5 50. Qf3 Nd6 51. Qg2+ Kf6 52. Qf3 Ne4+ 53. Kg2 Qg5+ 54. Kh2 Qg3+ 55. Qxg3 Nxg3 0-1

[Event "Capricorne"]
[Site "Chambly CAN"]
[Date "2026.01.14"]
[Round "2.10"]
[White "Bedard, Michel"]
[Black "Tse, Edwin"]
[Result "1-0"]
[WhiteElo "1548"]
[BlackElo "1404"]
[WhiteFideId "-1"]
[BlackFideId "-1"]
[PlyCount "63"]
[GameId "2276507570235742"]
[EventDate "2026.01.07"]
[EventType "swiss"]
[EventRounds "4"]
[EventCountry "CAN"]

1. d4 d5 2. Nc3 c6 3. Bf4 Nf6 4. e3 Bf5 5. h3 e6 6. g4 Bg6 7. h4 h5 8. g5 Ne4 9. Nxe4 Bxe4 10. f3 Bf5 11. Ne2 c5 12. Ng3 Bg6 13. Bxb8 Qxb8 14. Bb5+ Kd8 15. f4 c4 16. c3 a6 17. Ba4 b5 18. Bc2 b4 19. Bxg6 fxg6 20. Qc2 bxc3 21. bxc3 Ke7 22. Rb1 Qe8 23. Rb7+ Kd8 24. Qb2 Qc6 25. O-O Kc8 26. Rb1 Bd6 27. Qc2 e5 28. Qxg6 exd4 29. Qe6+ Kd8 30. Rb8+ Kc7 31. Qf7+ Qd7 32. R8b7+ 1-0